Normal view
MARC view
- Purdy, Randall Brockner
Entry Personal Name
001 - CONTROL NUMBER
- control field: 41121
003 - CONTROL NUMBER IDENTIFIER
- control field: NUST
005 - DATE AND TIME OF LATEST TRANSACTION
- control field: 20210314131955.0
008 - FIXED-LENGTH DATA ELEMENTS
- fixed length control field: 210314|| aca||aabn | a|a d
040 ## - CATALOGING SOURCE
- Original cataloging agency: NUST
- Transcribing agency: NUST
100 ## - HEADING--PERSONAL NAME
- Personal name: Purdy, Randall Brockner
670 ## - SOURCE DATA FOUND
- Source citation: Work cat.: (NUST): Croft, Terrell, 41119, Steam boilers;, 1937.
